000 00612cam a2200205 4500
001 D12810
008 090401t1958 xxu||||| |||| 00| 0 eng d
035 _a(Sirsi) u5951
041 _aeng
050 _a526.99
110 _aHydrographer of the Navy
_9427
245 _aGeneral instructions to hydrographic surveyors. Amendment no 8 1958.
260 _c1958
300 _a1v. (loose-leaf) ; 26cm.
350 _a0
520 _aShelf 181. Appears to consist only of the pages making uo Amendment 8 of the General Instructions.
650 _aHYDROGRAPHIC SURVEYING
942 _n0
948 _c04/03/1997
999 _c86232
_d86232